| 000 | 00819nam a22002537a 4500 | ||
|---|---|---|---|
| 003 | DO-SdBNP | ||
| 005 | 20171205111311.0 | ||
| 008 | 171122b 1986 ag ||||| |||| 00| 0 spa d | ||
| 020 | _a950565153xçX | ||
| 040 |
_aBPMSU _bspa _cBPMSU |
||
| 092 |
_axxxx _bxxxx |
||
| 100 | 1 |
_aHernández, José, _c1834-1886. |
|
| 245 | 1 | 0 |
_aMartín Fierro / _c José Hernández ; prólogo y glosario, Germán Berdiales ; ilustraciones de Pablo Pereyra. |
| 250 | _a2a. ed., 3a reimp. | ||
| 260 |
_aBuenos Aires : _bAcme, _c1986. |
||
| 300 |
_a284 p. : _bil. ; _c20 cm. |
||
| 490 | 1 |
_aRobin Hood _v153 |
|
| 700 | 1 | 2 |
_aBerdiales, Germán, _epról. |
| 700 | 1 | 2 |
_aPereyra, Pablo, _eil. |
| 830 | 0 |
_aRobin Hood _v153 |
|
| 942 |
_2ddc _cBK |
||
| 945 | _ainventariado extranjero / DG | ||
| 956 |
_aLOPEREZ _b10 _c20171122 _h0041 _iBPMSU |
||
| 999 |
_c13027 _d13027 |
||